| 000 | 01335nji a22002897a 4500 | ||
|---|---|---|---|
| 005 | 20100903161258.0 | ||
| 006 | a|||||r|||||00| 0 | ||
| 007 | sd ammalaaahaa | ||
| 008 | 100830t xxu||||| |||| 00| 0 eng d | ||
| 028 |
_aN-54387 _bHis Master's Voice |
||
| 035 | _aGR-01197 | ||
| 040 |
_aSED _cSED |
||
| 100 |
_917455 _aMangeskar, Lata |
||
| 245 |
_aGhar Basake Dekho / _cby Lata Mangeskar, Mahendra Kapoor [and] Ratandeep ; music by Chitrgupta; lyric by Rajinder Krishan _h[sound recording] : |
||
| 246 | _aप्रिय मेरे प्यार बता /लता मंगेशकर द्वारा | ||
| 260 |
_aDum Dum, India _bHis Master's Voice |
||
| 300 |
_a1 sound disc [Gramophone Recording]: _banalog, 33 1/3 rpm _c9.5 in. (MP) _fGramophone Record |
||
| 500 | _aBrief Record | ||
| 505 | _aSide-१ प्रिय मेरे प्यार बता (Priy mere pyaar bata) (Lata Mangeskar , Mahendar Kapoor) Side 2 तुने हसी हसी में (Tuney hasi hasi mein) | ||
| 650 |
_aClassical music _zIndia _91186 _xExcerpts |
||
| 700 |
_917416 _aRatnadeep |
||
| 700 |
_917456 _aKapoor, Mahendra |
||
| 700 |
_aKrishan, Rajinder _918836 |
||
| 700 |
_918849 _aGupta, Chitra |
||
| 942 |
_2ddc _cGR |
||
| 999 |
_c44479 _d44479 |
||